00490nam a2200193 a 4500001001300000003000900013005001700022008004100039020001000080082001600090100001400106245002600120260004500146300000900191500003500200505002400235650002300259700001400282nice12345678IN_TiNIC20260116011554.0050524s1958 lona grp 000 0 eng  ac10000a181.07bFAK aFakhry, M aIslamic Occasionalism aLondonbGeorge Allen and Unwin Ltdc1958 a220p aincludes index and biblioraphy2 aBibliographt, Index aPhilosophy-Islamic1 aFakhry, M